Supernatural Season 12 Quiz - Statistics

General Stats
  • This quiz has been taken 84 times
    75 since last reset
  • The average score is 18 of 33
Answer Stats
Hint Answer % Correct
What is the name of the mother of Lucifer's child? Kelly Kline
92%
Do they succeed? Yes
90%
Who does Sam ask for help in recovering Dean's memory in "Regarding Dean"? Rowena
85%
What monster is Claire turned into in "Ladies Drink Free"? A Werewolf
83%
Which British Men of Letters member kills Magda in "American Nightmare"? Arthur Ketch
79%
What group is Toni from in "Keep Calm and Carry On"? The British Men of Letters
77%
How does Cas hold his FBI badge in "Somewhere Between Heaven and Hell"? Upside down
77%
Who goes on a hunt with the boys in "Celebrating the Life of Asa Fox"? Mary
75%
Who all dies in the season 12 finale? Castiel, Crowley, Rowena, and Kelly
73%
What is the name of the demon who takes Kelly under her wing after an angel attack in "Family Feud"? Dagon
71%
What is the name of the character whose eyes glow in the last scene of the season? Jack Kline
71%
Who is Lucifer's newest vessel in "LOTUS"? The President
71%
Who does Castiel pair up with as a hunting duo in "The Foundry"? Crowley
69%
What iconic weapon is destroyed by Dagon in "The Future"? The Colt
69%
What is the name of Crowley's son that Rowena is searching for in "Family Feud"? Gavin McLeod
63%
Name one of the two British Men of Letters who dies in "The British Invasion". Renny or Mick
63%
Finish the Quote: "What we do, you can't learn this crap in a book. You put on a flannel, you pick up a gun, you go out there. Either you get good fast, or you get ____ faster. Dead
52%
Who saves her from this fate becoming permanent? Mick Davies
52%
Finish the Quote: "My name is Dean Winchester. Sam is my brother. Uh, Mary Winchester is my mom. And Cas... Cas is my __________" Best Friend
50%
Who works to find Lucifer in "Mamma Mia"? Crowley
50%
Who are a group of necromancers trying to resurrect in "The One You've Been Waiting For"? Adolf Hitler
48%
Who do Mary and Cas turn to to break Sam and Dean out of high-security prison in "First Blood"? British Men of Letters
46%
What three British Men of Letters died in "Who We Are"? Toni, Ketch, and Doctor Hess
46%
Finish the Quote: "That is the sweetest thing you've ever done ______" For me
40%
Who brings the boys a case in "The Raid"? Ketch
38%
What is the weapon that injures Castiel and kills Ramiel in "Stuck in the Middle (With You)"? The Spear of Michael
38%
What is the name of the rock star that died as Lucifer's vessel in "Rock Never Dies"? Vince Vincente
35%
What old friend do Sam and Dean run across in "All Along the Watchtower"? Bobby Singer
33%
Finish the Quote: "Bye ____" Boys
33%
Who tells Mary that John was a terrible father in "There's Something About Mary"? Toni
21%
Finish the Quote: "We should call ____________ and find out as much as we can about these people" The Internet
6%
What is the name of the deity in "The Memory Remains"? Moloch
4%
How long has Lily Sunder been honing her magic skills? Over 100 years
0%
No matching quizzes found
Score Distribution
Percent of People with Each Score
Percentile by Number Answered
Your Score History
You have not taken this quiz since the last reset